Statistics for Nightmare Before Christmas Character By Song Lyric

Click here to take the quiz!

General Stats

  • This quiz has been taken 28 times
  • The average score is 9 of 14

Answer Stats

HintAnswer% Correct
And since I am dead I can take of my head!Jack Skellington
96%
I sense there's something in the windSally
96%
Oh brother! you're something you put me in a spin!Oogie Boogie
87%
He'll be so pleased by our success!Barrel
83%
Wait! I've got a better plan to catch this big red lobster man!Lock
83%
I wish my cohorts weren't so dumbShock
78%
This "Christmas" sound fun I fully endorse it!The Mayor
78%
Release me now or you will face the dire consequencesSandy Claws
48%
Something's up with JackVampires
48%
Take a chance and roll the dice ride with the moon in the dead of nightWitches
43%
here in a flash and gone without a trace!Clown
39%
He's all alone up there locked away insideWerewolf
39%
Won't they be impressed? I am a genius!Harlequin Demon
17%
Oh yes, does it still have a foot?Mr. Hyde
17%

Score Distribution

Percentile by Number Answered

Percent of People with Each Score

Your Score History

You have not taken this quiz